Digital Electronics (Record no. 165830)
[ view plain ]
| 000 -LEADER | |
|---|---|
| fixed length control field | 00466nam a2200169Ia 4500 |
| 008 - FIXED-LENGTH DATA ELEMENTS--GENERAL INFORMATION | |
| fixed length control field | 230612s9999 xx 000 0 und d |
| 041 ## - LANGUAGE CODE | |
| Language code of text/sound track or separate title | eng |
| 082 ## - DEWEY DECIMAL CLASSIFICATION NUMBER | |
| Classification number | 621.38 KAP |
| 100 ## - MAIN ENTRY--PERSONAL NAME | |
| Personal name | Kapoor A. |
| 9 (RLIN) | 108932 |
| 245 ## - TITLE STATEMENT | |
| Title | Digital Electronics |
| Remainder of title | Principles And Applications |
| 260 ## - PUBLICATION, DISTRIBUTION, ETC. (IMPRINT) | |
| Date of publication, distribution, etc. | 1992 |
| Name of publisher, distributor, etc. | Macmillan |
| 300 ## - PHYSICAL DESCRIPTION | |
| Extent | 297 |
| 365 ## - TRADE PRICE | |
| Currency code | Rs. |
| Price amount | 88.00 |
| 700 ## - ADDED ENTRY--PERSONAL NAME | |
| Personal name | Kapoor A. & Maheshwari L.K. |
| 9 (RLIN) | 184730 |
| 906 ## - LOCAL DATA ELEMENT F, LDF (RLIN) | |
| d | B:660614-Jan-1993 |
| c | ETC |
| b | 13.2 |
| Withdrawn status | Lost status | Damaged status | Not for loan | Home library | Current library | Date acquired | Vendor | Budget Code | Cost, normal purchase price | Bill number | Total Checkouts | Full call number | Barcode | Date last seen | Discount | Cost, replacement price | Bill Date | Koha item type | Original Barcode |
|---|---|---|---|---|---|---|---|---|---|---|---|---|---|---|---|---|---|---|---|
| Cummins College of Engineering for Women Pune | Cummins College of Engineering for Women Pune | 19/01/1993 | Varma Book Distributors | ETC | 74.80 | 6606 | 621.38 KAP | CCEP-BK-1548 | 12/06/2023 | 13.2 | 88.00 | 14/01/1993 | Books | 001548 |